Oracle 8 advanced PL-SQL programming : (Record no. 62963)

MARC details
000 -LEADER
fixed length control field 00667nam a22001697a 4500
005 - DATE AND TIME OF LATEST TRANSACTION
control field 20120216115015.0
020 ## - INTERNATIONAL STANDARD BOOK NUMBER
International Standard Book Number 0070411816
Terms of availability 00.00
035 ## - SYSTEM CONTROL NUMBER
System control number B-26360
037 ## - SOURCE OF ACQUISITION
Stock number DPL
Source of stock number/acquisition ENG
100 ## - MAIN ENTRY--PERSONAL NAME
Personal name Urman, Scott
245 ## - TITLE STATEMENT
Title Oracle 8 advanced PL-SQL programming :
Remainder of title Build powerful, web enabled PL-SQL application /
Statement of responsibility, etc by Scott Urman
250 ## - EDITION STATEMENT
Edition statement 2nd rpr.
260 ## - PUBLICATION, DISTRIBUTION, ETC. (IMPRINT)
Place of publication, distribution, etc New Delhi
Name of publisher, distributor, etc Tata McGraw-Hill Publishing
Date of publication, distribution, etc 2000
300 ## - PHYSICAL DESCRIPTION
Extent xxii, 772p.
Dimensions 22 cms.
942 ## - ADDED ENTRY ELEMENTS (KOHA)
Source of classification or shelving scheme Dewey Decimal Classification
Item type English Books
Classification part 005.756
Call number suffix URM
Holdings
Withdrawn status Lost status Not for loan Collection code Home library Current library Date acquired Cost, normal purchase price Full call number Barcode Cost, replacement price Koha item type
      Non-fiction Sarojini Nagar Sarojini Nagar 16/02/2012 0.00 005.756 URM B-26360 0.00 English Books

© Delhi Public Library
Hit Counter
free hit counter